<?xml version="1.0" encoding="UTF-8"?>
<marc:record xmlns:marc="http://www.loc.gov/MARC21/slim">
   <marc:leader>00000nam a2200000 a 4500</marc:leader>
   <marc:datafield ind1="1" ind2=" " tag="100">
      <marc:subfield code="a">Ani, Friedrich</marc:subfield>
      <marc:subfield code="4">aut</marc:subfield>
      <marc:subfield code="e">Verfasser/-in</marc:subfield>
   </marc:datafield>
   <marc:datafield ind1=" " ind2=" " tag="653">
      <marc:subfield code="a">Krimis, Thriller, Spionage</marc:subfield>
   </marc:datafield>
   <marc:datafield ind1=" " ind2=" " tag="653">
      <marc:subfield code="a">Fiktionale Darstellung</marc:subfield>
   </marc:datafield>
   <marc:datafield ind1=" " ind2=" " tag="653">
      <marc:subfield code="a">München</marc:subfield>
   </marc:datafield>
   <marc:datafield ind1=" " ind2=" " tag="653">
      <marc:subfield code="a">Privatdetektiv</marc:subfield>
   </marc:datafield>
   <marc:datafield ind1=" " ind2=" " tag="653">
      <marc:subfield code="a">spurlos verschwunden</marc:subfield>
   </marc:datafield>
   <marc:datafield ind1="0" ind2="0" tag="245">
      <marc:subfield code="a">Lichtjahre im Dunkel</marc:subfield>
   </marc:datafield>
   <marc:datafield ind1="0" ind2="0" tag="245">
      <marc:subfield code="b">Roman</marc:subfield>
   </marc:datafield>
   <marc:datafield ind1="0" ind2="0" tag="245">
      <marc:subfield code="c">Ani, Friedrich</marc:subfield>
   </marc:datafield>
   <marc:datafield ind1=" " ind2="1" tag="264">
      <marc:subfield code="a">Berlin</marc:subfield>
      <marc:subfield code="b">Suhrkamp</marc:subfield>
      <marc:subfield code="c">2024</marc:subfield>
   </marc:datafield>
   <marc:datafield ind1=" " ind2=" " tag="250">
      <marc:subfield code="a">1. Auflage</marc:subfield>
   </marc:datafield>
   <marc:datafield ind1="1" ind2=" " tag="520">
      <marc:subfield code="a">Ein verschwundener Ladenbesitzer, der noch große Pläne hatte. Seine Frau, die sich am Ende ihrer Träume wähnt. Ein ehemaliger Umzugsunternehmer mit Schuldkomplex. Ein geheimnisvoller Besucher aus der Berliner Halbwelt. Ihre Schicksalslinien treffen in München aufeinander, wodurch das Leben aller Beteiligten aus den Fugen gerät.&#xD;
&#xD;
Leo Ahorn ist verschwunden. Dabei hatte er die letzten Wochen hauptsächlich damit zugebracht, Geld für den Umbau seines Schreibwarenladens aufzutreiben. Da seine Frau die Polizei scheut, heuert sie Privatdetektiv Tabor Süden an, um Leo zu finden. Allerdings weiß sie gar nicht so genau, ob sie ihn wirklich wiederhaben will. Im Blauen Eck, Leos Stammkneipe, stößt Süden auf eine illustre Schar von Leos Bekannten und bekommt beklemmende Einblicke in dessen Leben. Dann wird in der Nähe ein Toter aufgefunden, und die Ereignisse erscheinen plötzlich in einem völlig neuen Licht. Oberkommissarin Fariza Nasri nimmt mit ihrem Team die Ermittlungen auf, während Tabor Süden auf magische Weise im Hintergrund die Fäden zieht …</marc:subfield>
   </marc:datafield>
   <marc:datafield ind1=" " ind2=" " tag="020">
      <marc:subfield code="a">9783518431566</marc:subfield>
      <marc:subfield code="9">9783518431566</marc:subfield>
   </marc:datafield>
   <marc:datafield ind1=" " ind2=" " tag="020">
      <marc:subfield code="a">3518431560</marc:subfield>
      <marc:subfield code="9">3518431560</marc:subfield>
   </marc:datafield>
   <marc:datafield ind1=" " ind2=" " tag="041">
      <marc:subfield code="a">ger</marc:subfield>
   </marc:datafield>
   <marc:datafield ind1=" " ind2=" " tag="338">
      <marc:subfield code="a">Band</marc:subfield>
   </marc:datafield>
   <marc:datafield ind1=" " ind2=" " tag="300">
      <marc:subfield code="a">445 Seiten</marc:subfield>
   </marc:datafield>
</marc:record>
